Il faut stopper les Japonais : Traduit et adapte de risse par Michel BARBA

Salvato in:
Dettagli Bibliografici
Natura: Libro
Lingua:Undetermined
Pubblicazione: France Hachette Litterature 1974
Soggetti:
Tags: Aggiungi Tag
Nessun Tag, puoi essere il primo ad aggiungerne! !
Thư viện lưu trữ: Trung tâm Học liệu Trường Đại học Cần Thơ
LEADER 00490nam a2200169Ia 4500
001 CTU_108124
008 210402s9999 xx 000 0 und d
082 |a 915.2 
082 |b I.27 
245 0 |a Il faut stopper les Japonais : 
245 0 |b Traduit et adapte de risse par Michel BARBA 
260 |a France 
260 |b Hachette Litterature 
260 |c 1974 
650 |a National characteristics, Japanese 
904 |i M.Loan 
980 |a Trung tâm Học liệu Trường Đại học Cần Thơ